[Event "Manizales Feria op 29th"]
[Site "Manizales"]
[Date "2024.01.06"]
[Round "3"]
[White "Vanegas, Josue"]
[Black "Beltran Grizales, Daniel"]
[Result "1-0"]
[WhiteElo "1773"]
[BlackElo "1451"]
[PlyCount "92"]
[EventDate "2024.01.05"]
[EventType "swiss"]
[EventRounds "7"]
[EventCountry "COL"]
[SourceTitle "CB02_2024"]
[SourceDate "2024.01.10"]
[SourceVersion "1"]
[SourceVersionDate "2024.01.10"]
[SourceQuality "1"]

1. Nf3 d5 2. g3 c5 3. Bg2 Nf6 4. d3 Nc6 5. 0-0 e5 6. Nbd2 Bd6 7. e4 Be6 8. Ng5 h6 9. Nxe6 fxe6 10. c4 d4 11. Nf3 Qc7 12. Bd2 a5 13. Bh3 Kd7 14. a3 Rag8 15. Rb1 g5 16. Bg2 Rb8 17. Qa4 Ke7 18. Ne1 Nd7 19. Qd1 Rbg8 20. Nc2 Qd8 21. b4 axb4 22. axb4 cxb4 23. Nxb4 Nxb4 24. Bxb4 Bxb4 25. Rxb4 b6 26. Qa1 Qa8 27. Ra4 Qc6 28. Qa3+ Qc5 29. Qa2 Qc6 30. Ra7 Ra8 31. Ra1 Rxa7 32. Qxa7 Rb8 33. Bf3 Qb7 34. Bd1 Kf6 35. Qa2 b5 36. cxb5 Qxb5 37. Ba4 Qb7 38. Bxd7 Qxd7 39. Qe2 Qc7 40. Qf3+ Kg6 41. Qg4 Qf7 42. Ra6 Re8 43. h4 Qf6 44. Ra7 h5 45. Qxg5+ Qxg5 46. hxg5 Kxg5 1-0